Revista de derecho de daños 2016 - 2 : prevención del daño /

Guardado en:
Formato: Libro
Idioma:Spanish
Publicado: Santa Fe : Rubinzal-Culzoni, 2016
Edición:1a. ed.
Materias:
Etiquetas: Agregar Etiqueta
Sin Etiquetas, Sea el primero en etiquetar este registro!
LEADER 00650nam a22001935a 4500
001 DER.der013181
008 180615s2016####|||||||||||||||||#||spa||
005 20230607154022.0
245 1 0 |a Revista de derecho de daños 2016 - 2 :  |b prevención del daño /  |c Mosset Iturraspe, Jorge. 
250 |a 1a. ed. 
260 |a Santa Fe :  |b Rubinzal-Culzoni,  |c 2016 
020 |a 978-987-30-0159-8 
700 1 |a Mosset Iturraspe, Jorge,  |e dir. 
700 1 |a Lorenzetti, Ricardo Luis,  |e dir. 
650 7 |a DERECHO DE DAÑOS 
650 7 |a DERECHO PRIVADO 
650 7 |a RESPONSABILIDAD ESTATAL 
650 7 |a LEY GENERAL DE SOCIEDADES 
859 |a DERECHO  |b BIB. DERECHO  |h 346  |i REV  |p 008033